[Event "Ruhrgebiet Bezirksliga 17/18"]
[Site "Ruhrgebiet"]
[Date "2017.12.17"]
[Round "5.5"]
[White "Ittner, Ralf"]
[Black "Vieweger, Torsten"]
[Result "1/2-1/2"]
[WhiteElo "1668"]
[BlackElo "1906"]
[PlyCount "22"]
[EventDate "2017.09.03"]
[EventType "team-tourn"]
[EventRounds "9"]
[EventCountry "GER"]
[SourceTitle "EXT 2022"]
[Source "ChessBase"]
[SourceDate "2021.10.06"]
[SourceVersion "1"]
[SourceVersionDate "2021.10.06"]
[SourceQuality "1"]
[WhiteTeam "Hamm Koenigsspringer II"]
[BlackTeam "Werl Wickede SG"]
[WhiteTeamCountry "GER"]
[BlackTeamCountry "GER"]

1. d4 Nf6 2. Nf3 g6 3. c4 Bg7 4. Nc3 d5 5. e3 0-0 6. Be2 c5 7. 0-0 cxd4 8. exd4 Nc6 9. Be3 b6 10. Rc1 Bb7 11. a3 Rc8 1/2-1/2

[Event "Ruhrgebiet Bezirksliga 16/17"]
[Site "Ruhrgebiet"]
[Date "2017.01.08"]
[Round "6.3"]
[White "Huegel, Guido"]
[Black "Vieweger, Torsten"]
[Result "1/2-1/2"]
[WhiteElo "1796"]
[BlackElo "1911"]
[PlyCount "60"]
[EventDate "2016.08.28"]
[EventType "team-tourn"]
[EventRounds "11"]
[EventCountry "GER"]
[SourceTitle "EXT 2022"]
[Source "ChessBase"]
[SourceDate "2021.10.06"]
[SourceVersion "1"]
[SourceVersionDate "2021.10.06"]
[SourceQuality "1"]
[WhiteTeam "Werl SC 1981"]
[BlackTeam "Wickede SK"]
[WhiteTeamCountry "GER"]
[BlackTeamCountry "GER"]

1. e4 e6 2. d4 d5 3. exd5 exd5 4. Bf4 Bd6 5. Bxd6 Qxd6 6. c3 Bf5 7. Bd3 Qg6 8. Bxf5 Qxf5 9. Qe2+ Ne7 10. Na3 Nbc6 11. Nf3 f6 12. 0-0-0 0-0-0 13. Rhe1 Rhe8 14. Qe6+ Qxe6 15. Rxe6 Kd7 16. Rde1 Nf5 17. Rxe8 Rxe8 18. Rxe8 Kxe8 19. Nc2 Kd7 20. Kd2 Nd6 21. Ne3 Ke6 22. Ke2 g6 23. Nd2 Na5 24. Kd3 b6 25. b3 Nc6 26. Nxd5 Kxd5 27. c4+ Nxc4 28. bxc4+ Kd6 29. Ne4+ Ke7 30. a3 h6 1/2-1/2